| 000 | 00544nam a2200193 u 4500 | ||
|---|---|---|---|
| 001 | 000023660 | ||
| 005 | 20250520113530.0 | ||
| 008 | 101216s1996 sp a r 000 | spa d | ||
| 020 | _a1563281155 | ||
| 040 |
_aDO-SdBNP _bspa _cBNPHU |
||
| 082 |
_a150 _bV323i |
||
| 100 | 1 |
_aVarona, Carlos _948745 |
|
| 245 | 1 | 0 |
_aIntroducción a la sicología / _cCarlos Varona. |
| 260 | _aMadrid : Playor, D.L. 1987. | ||
| 300 | _a346 p. : il. ; 23 cm. | ||
| 500 | _aIncluye índice onosmástico y glosario | ||
| 650 | 0 |
_aPsicología _9152 |
|
| 049 | _aBNGR | ||
| 999 |
_c23156 _d23156 |
||